00385nam a2200121Ia 4500008004100000082002200041100002900063245002700092260004900119300000800168630001800176650006900194211109s9999||||xx |||||||||||||| ||und|| a954.095483bPAN-R aPanikkassery, Velayudhan 0aRantu Keraalolpathikal bSreerama Vilas Press and DepotaQuilonc1963 a59p xGENERAL STACK aHistory & geographyvHistory of asiaxSouth asia; indiaMalayalam